Highest-Scoring Jetpunk Quiz #16 in Half The Time - Statistics

General Stats
  • This quiz has been taken 15 times
  • The average score is 5 of 6
Answer Stats
country % Correct
Canada
100%
Iceland
92%
Norway
92%
Russia
92%
Greenland (Denmark)
85%
United States
85%
No matching quizzes found
Score Distribution
Percent of People with Each Score
Percentile by Number Answered
Your Score History
You have not taken this quiz